000 00547nam a2200181Ia 4500
005 20250508154624.0
008 008 250505s9999 xx 000 0 eng d
037 _aTextual
040 _aFEDL
_beng
_cFEDL
041 _aeng
_2eng
084 _a374, HEL
_qFEDL
100 _aHely A S M
_9763023
245 0 _aSchool-teachers and the education of adult
260 _aParis, France
_bUnited Nations Educational, Scientific and Cultural Organization
_c1966
300 _a50p
942 _cTEXL
_h374, HEL
999 _c1351266
_d1351266